Introducción a la psicología
שמור ב:
| מחבר ראשי: | |
|---|---|
| פורמט: | ספר |
| שפה: | ספרדית |
| יצא לאור: |
Ciudad de México
Fondo de Cultura Económica
1988
|
| סדרה: | Breviarios, 82
|
| נושאים: | |
| תגים: |
הוספת תג
אין תגיות, היה/י הראשונ/ה לתייג את הרשומה!
|
MARC
| LEADER | 00000nam a2200000 a 4500 | ||
|---|---|---|---|
| 001 | UCW5391 | ||
| 003 | CL-VaPUC | ||
| 008 | 910412e19880000MX |||||||||||||||||spa|d | ||
| 082 | 0 | 4 | |a 150 |b WOL |2 21 |
| 100 | 0 | |a Wolff, Werner |e author |9 310350 | |
| 245 | 1 | 0 | |a Introducción a la psicología |
| 300 | |a 369 p | ||
| 942 | |c BK | ||
| 945 | |d 19910412 00:00:00 |a oaravena | ||
| 260 | |a Ciudad de México |b Fondo de Cultura Económica |c 1988 | ||
| 650 | 0 | |a Psicología |9 257863 | |
| 583 | |a last modification |c 19910412 00:00:00 |k Rodrigo Vera | ||
| 490 | 0 | |a Breviarios, 82 | |
| 999 | |c 218840 |d 218838 | ||
| 952 | |0 0 |1 0 |4 0 |6 150_000000000000000_WOL_1988 |7 0 |8 A |9 209035 |a BIBEDU |b BIBEDU |d 2019-11-15 |i 2768399 |o 150 WOL 1988 |p 2768399 |r 2019-11-15 |w 2019-11-15 |y BK |k EDU | ||
| 952 | |0 0 |1 0 |4 0 |6 150_000000000000000_WOL_1988 |7 0 |8 A |9 209036 |a BIBEDU |b BIBEDU |d 2019-11-15 |i 1508644 |o 150 WOL 1988 |p 1508644 |r 2019-11-15 |w 2019-11-15 |y BK |k EDU | ||